Modern astrodynamics (Record no. 12156)

MARC details
000 -LEADER
fixed length control field 00643nam a2200193Ia 4500
003 - CONTROL NUMBER IDENTIFIER
control field IN-BaIIA
008 - FIXED-LENGTH DATA ELEMENTS--GENERAL INFORMATION
fixed length control field 211028s9999 xx 000 0 eng d
020 ## - INTERNATIONAL STANDARD BOOK NUMBER
International Standard Book Number 0-691-04459-7
040 ## - CATALOGING SOURCE
Transcribing agency IIA Library
080 ## - UNIVERSAL DECIMAL CLASSIFICATION NUMBER
Universal Decimal Classification number 521.1:517
Item number BON
100 ## - MAIN ENTRY--PERSONAL NAME
Personal name Bond, Victor R.
9 (RLIN) 21203
245 #0 - TITLE STATEMENT
Title Modern astrodynamics
Remainder of title fundamentals and perturbation methods
Statement of responsibility, etc. Victor R. Bond and Mark C. Allman
260 ## - PUBLICATION, DISTRIBUTION, ETC.
Place of publication, distribution, etc. New Jersy
Name of publisher, distributor, etc. Princeton University Press
Date of publication, distribution, etc. 1996
300 ## - PHYSICAL DESCRIPTION
Extent xi, 250p.
650 ## - SUBJECT ADDED ENTRY--TOPICAL TERM
Topical term or geographic name entry element Astrodynamics-fundamentals
9 (RLIN) 21204
650 ## - SUBJECT ADDED ENTRY--TOPICAL TERM
Topical term or geographic name entry element Celestial mechanics
700 ## - ADDED ENTRY--PERSONAL NAME
Personal name Allman, Mark C.
9 (RLIN) 21205
942 ## - ADDED ENTRY ELEMENTS (KOHA)
Koha item type Books
Holdings
Withdrawn status Lost status Damaged status Not for loan Home library Current library Shelving location Date acquired Cost, normal purchase price Total Checkouts Total Renewals Full call number Barcode Date last seen Date last checked out Cost, replacement price Price effective from Koha item type Purchase Price
        IIA Library-Bangalore IIA Library-Bangalore General Stacks 31/07/1997 1458.00 2 2 521.1:517/ BON 13072 13/08/2024 19/05/2023 1458.00 31/07/1997 Books Rs. 1458.00

Powered by Koha